Cyclisme : Top 20 du Tour du Pays Basque 2025 - Statistiques

Statistiques générales
  • Ce quiz a été pris 30 fois
  • Le résultat moyen est 11 sur 20
Statistiques - réponses
Position Equipe Coureur % Correct
2eme Movistar Enric Mas
100%
1er UAE Team Emirates Joao Almeida
95%
14eme TotalEnergies Jordan Jegat
80%
6eme Soudal Quick Step Ilan Van Wilder
75%
9eme Picnic PostNL Oscar Onley
75%
10eme XDS Astana Clement Champoussin
70%
12eme Groupama FDJ Guillaume Martin
70%
5eme Lidl Trek Mattias Skjelmose
70%
4eme RedBull Bora Hansgrohe Florian Lipowitz
65%
13eme Bahrain Victorious Santiago Buitrago
65%
7eme Cofidis Alex Aranburu
60%
18eme TotalEnergies Steff Cras
60%
15eme UAE Team Emirates Isaac Del Toro
45%
3eme Soudal Quick Step Maximilian Schachmann
45%
20eme Ineos Grenadiers Axel Laurance
35%
8eme XDS Astana Simone Velasco
35%
11eme Decathlon AG2R La Mondiale Clement Berthet
30%
19eme Kern Pharma Ivan Cobo
10%
16eme Alpecin Deceuninck Luca Vergallito
10%
17eme Visma Lease a Bike Wilco Kelderman
10%
Aucun quiz correspondant
Distribution des résultats
% des personnes avec chaque résultat
Percentile par nombre de réponses
Votre historique - résultats
Vous n’avez pas pris ce quiz